00355nam a2200109Ia 4500008004100000100002000041245005500061245003500116260000900151650002600160856005900186160609s9999 xx 000 0 und d aGilbert, Maria. aIntegrative Therapy: 100 Key Points And Techniques cBy:Maria Gilbert, Vanja Orlans c2011 xGUIDANCE & COUNSELING uhttp://file.ebook777.com/010/IntThe100KeyPoiAndTec.pdf